Конструктор вертолетов. Страницы жизни Н. И. Камова

Bibliografiske detaljer
Hovedforfatter: Кузьмина Л. Д. Лидия Михайловна
Summary:Художественно-документальная повесть посвящена жизни и творчеству пионера советского вертолетостроения, Героя Социалистического Труда, лауреата Государственной премии Н. И. Камова. Именно выстраданная им соосная схема вертолета способствовала выходу нашего флота на просторы Мирового океана, эффективному освоению Арктики. Книга рассчитана на массового читателя.
Sprog:russisk
Udgivet: Москва, Мол. гвардия, 1988
Fag:
Format: Bog
KOHA link:https://koha.lib.tpu.ru/cgi-bin/koha/opac-detail.pl?biblionumber=120883

MARC

LEADER 00000nam0a2200000 4500
001 120883
005 20231031125200.0
010 |a 5235006062 
020 |a RU  |b 88-86118 
035 |a (RuTPU)RU\TPU\book\130894 
090 |a 120883 
100 |a 20070906d1988 km y0rusy5003 ca 
101 0 |a rus 
102 |a RU 
105 |a a z 000zb 
200 1 |a Конструктор вертолетов. Страницы жизни Н. И. Камова  |f Л. Д. Кузьмина 
210 |a Москва  |c Мол. гвардия  |d 1988 
215 |a 255 с., [24] л. ил.  |c ил. 
318 |5 63413507  |a От "Красного инженера" до "Черной акулы" или Томские политехники в авиации  |b выставка 
330 |a Художественно-документальная повесть посвящена жизни и творчеству пионера советского вертолетостроения, Героя Социалистического Труда, лауреата Государственной премии Н. И. Камова. Именно выстраданная им соосная схема вертолета способствовала выходу нашего флота на просторы Мирового океана, эффективному освоению Арктики. Книга рассчитана на массового читателя. 
600 1 |a Камов  |b Н. И.  |c русский авиаконструктор  |c конструктор вертолетов  |f 1902-1973  |g Николай Ильич  |2 stltpush  |3 (RuTPU)RU\TPU\pers\20205 
610 1 |a вертолетостроение 
610 1 |a вертолеты 
610 1 |a СССР 
610 1 |a история 
610 1 |a конструкции 
610 1 |a конструкторы 
675 |a 629.735.4  |z rus 
700 1 |a Кузьмина  |b Л. Д.  |g Лидия Михайловна  |4 070 
801 0 |a RU  |b RuMRKP  |c 19950417  |g psbo 
801 1 |a RU  |b 63413507  |c 20070906  |g PSBO 
801 2 |a RU  |b 63413507  |c 20210330  |g PSBO 
942 |c BK